Характеристики ветра, ограничивающие пуски ракет космического назначения в районе космодромов «Байконур» и «Восточный»; "Орбита молодёжи" и перспективы развития российской космонавтики

গ্রন্থ-পঞ্জীর বিবরন
Parent link:"Орбита молодёжи" и перспективы развития российской космонавтики.— 2017.— [С. 61-62]
প্রধান লেখক: Золотухина О. И.
অন্যান্য লেখক: Тунаев Е. Л. (научный руководитель), Горбатенко В. П.
সংক্ষিপ্ত:Заглавие с экрана
ভাষা:রুশ
প্রকাশিত: 2017
মালা:Системные и проектно-конструкторские решения средств выведения, ракетных двигателей и наземной космической инфраструктуры
বিষয়গুলি:
অনলাইন ব্যবহার করুন:http://earchive.tpu.ru/handle/11683/44765
বিন্যাস: বৈদ্যুতিক গ্রন্থের অধ্যায়
KOHA link:https://koha.lib.tpu.ru/cgi-bin/koha/opac-detail.pl?biblionumber=624877

MARC

LEADER 00000naa2a2200000 4500
001 624877
005 20231101133332.0
035 |a (RuTPU)RU\TPU\conf\24137 
090 |a 624877 
100 |a 20171204d2017 k y0rusy50 ca 
101 0 |a rus 
102 |a RU 
105 |a y z 101zy 
135 |a drgn ---uucaa 
181 0 |a i  
182 0 |a b 
200 1 |a Характеристики ветра, ограничивающие пуски ракет космического назначения в районе космодромов «Байконур» и «Восточный»  |f О. И. Золотухина, Е. Л. Тунаев  |g науч. рук. В. П. Горбатенко 
203 |a Текст  |c электронный 
225 1 |a Системные и проектно-конструкторские решения средств выведения, ракетных двигателей и наземной космической инфраструктуры 
230 |a 1 компьютерный файл (pdf; 147 Кб) 
300 |a Заглавие с экрана 
320 |a [Библиогр.: с. 62 (5 назв.)] 
463 0 |0 (RuTPU)RU\TPU\conf\23829  |t "Орбита молодёжи" и перспективы развития российской космонавтики  |o сборник докладов Всероссийской молодёжной научно-практической конференции, г. Томск, 18-22 сентября 2017 г.  |f Российская Федерация, Федеральное космическое агентство (Роскосмос) ; Национальный исследовательский Томский политехнический университет (ТПУ) ; Российская академия наук (РАН), Сибирское отделение (СО), Институт физики прочности и материаловедения (ИФПМ) ; Полюс  |v [С. 61-62]  |d 2017 
610 1 |a электронный ресурс 
610 1 |a климатические условия 
610 1 |a ветер 
610 1 |a климатические характеристики 
610 1 |a ракеты 
610 1 |a пуск 
700 1 |a Золотухина  |b О. И. 
701 1 |a Тунаев  |b Е. Л. 
702 1 |a Горбатенко  |b В. П.  |4 727 
801 2 |a RU  |b 63413507  |c 20171208  |g RCR 
856 4 |u http://earchive.tpu.ru/handle/11683/44765 
942 |c BK